Astrophysics (Record no. 36073)

MARC details
000 -LEADER
fixed length control field 00526 a2200205 4500
003 - CONTROL NUMBER IDENTIFIER
control field IN-BaIIA
005 - DATE AND TIME OF LATEST TRANSACTION
control field 20241130114146.0
008 - FIXED-LENGTH DATA ELEMENTS--GENERAL INFORMATION
fixed length control field 241118b |||||||| |||| 00| 0 eng d
020 ## - INTERNATIONAL STANDARD BOOK NUMBER
International Standard Book Number 9781119623557
040 ## - CATALOGING SOURCE
Transcribing agency IIA Library
080 ## - UNIVERSAL DECIMAL CLASSIFICATION NUMBER
Universal Decimal Classification number 524.3
Item number IRW
100 ## - MAIN ENTRY--PERSONAL NAME
Personal name Irwin, Judith
9 (RLIN) 49186
245 ## - TITLE STATEMENT
Title Astrophysics
Remainder of title decoding the stars
Statement of responsibility, etc. Judith Irwin
260 ## - PUBLICATION, DISTRIBUTION, ETC.
Place of publication, distribution, etc. New Jersey
Name of publisher, distributor, etc. Wiley
Date of publication, distribution, etc. 2023
300 ## - PHYSICAL DESCRIPTION
Extent xxviii, 337p.
500 ## - GENERAL NOTE
General note index given;ill.
650 ## - SUBJECT ADDED ENTRY--TOPICAL TERM
Topical term or geographic name entry element Stars
650 ## - SUBJECT ADDED ENTRY--TOPICAL TERM
Topical term or geographic name entry element Astrophysics
9 (RLIN) 794
942 ## - ADDED ENTRY ELEMENTS (KOHA)
Source of classification or shelving scheme Universal Decimal Classification
Koha item type Books
Holdings
Withdrawn status Lost status Source of classification or shelving scheme Damaged status Not for loan Home library Current library Shelving location Date acquired Source of acquisition Cost, normal purchase price Total Checkouts Full call number Barcode Date last seen Date last checked out Cost, replacement price Price effective from Koha item type Purchase Price
    Universal Decimal Classification     IIA Library-Bangalore IIA Library-Bangalore General Stacks 18/11/2024 37 5713.19 1 524.3/ IRW 20681 03/04/2025 03/04/2025 6721.40 18/11/2024 Books  

Powered by Koha